Didáctica de la música en el nivel inicial.
Bewaard in:
| Hoofdauteur: | |
|---|---|
| Andere auteurs: | |
| Formaat: | Onbekend |
| Taal: | Engels |
| Gepubliceerd in: |
Buenos Aires, Argentina:
Bonum,
2014.
|
| Editie: | Segunda edición. |
| Onderwerpen: | |
| Tags: |
Voeg label toe
Geen labels, Wees de eerste die dit record labelt!
|
MARC
| LEADER | 00000 a2200000 4500 | ||
|---|---|---|---|
| 003 | CL-VaPUC | ||
| 005 | 20220704130210.0 | ||
| 008 | 220603b2014 ||||| |||| 00| 0 eng d | ||
| 999 | |c 435065 |d 435063 | ||
| 020 | |a 979-8654997487 | ||
| 040 | |c Pontificia Universidad Católica de Valparaíso | ||
| 082 | |a 372.87 MAI 2014. |2 22 | ||
| 100 | |a Mairet, Silvina |9 867609 |e autora | ||
| 245 | |a Didáctica de la música en el nivel inicial. | ||
| 250 | |a Segunda edición. | ||
| 260 | |a Buenos Aires, Argentina: |b Bonum, |c 2014. | ||
| 300 | |a 142 páginas. | ||
| 583 | |k Catalogador Asistente |c 20220603 | ||
| 650 | |a Educación musical |x Didáctica |x Preescolares |9 870331 | ||
| 700 | |a Malvicini de Benini, Karina |e autora |9 870183 | ||
| 942 | |2 ddc |c BK | ||
| 952 | |0 0 |1 0 |2 ddc |4 0 |6 372_870000000000000_MAI_2014 |7 0 |8 A |9 583331 |a BIBEDU |b BIBEDU |c GEN |d 2022-05-31 |e 74 |g 12044.00 |i 5651437 |l 2 |o 372.87 MAI 2014. |p 5651437 |r 2023-03-06 |s 2023-03-06 |t 1 |v 12044.00 |w 2022-05-31 |y BK |k PAR | ||
| 952 | |0 0 |1 0 |2 ddc |4 0 |6 372_870000000000000_MAI_2014 |7 0 |8 A |9 592004 |a BIBEDU |b BIBEDU |c GEN |d 2023-10-16 |e 13 |g 20587.00 |i 5659076 |o 372.87 MAI 2014. |p 5659076 |r 2023-10-16 |t 2 |v 20587.00 |w 2023-10-16 |y BK |k PAR | ||